| 000 | 00625nam a22001937a 4500 | ||
|---|---|---|---|
| 999 |
_c183555 _d183555 |
||
| 005 | 20211228144605.0 | ||
| 010 | _aENG-130716 | ||
| 020 |
_a978-81-944287-7-0 _c250.00 |
||
| 035 | _aEN-114248 | ||
| 037 | _bDBAD | ||
| 082 | _2954 | ||
| 245 |
_aMushirul Hasan: _bAn Intellectual And Institutional Journey/ _cEdited by Hari S. Vasudevan & Suranjan Das |
||
| 260 |
_aDelhi _bPRIMUS BOOKS _c2020 |
||
| 270 |
_aVirat Bhavan, Mukherjee Nagar Commercial Complex _bDelhi _e110009 |
||
| 300 |
_avii-xi,196p _c23 cm(pbk) |
||
| 700 | _aVasudevan, Hari S. | ||
| 700 | _aDas, Suranjan | ||
| 942 |
_2ddc _cEN _h954 _mMUS |
||